000
00286nam a2200145Ia 4500
100
_a
Kitaigorodsky
650
_a
Chemistry
942
_c
BK
654
_a
Physicict
245
_a
I Am a Physicist
260
_b
Mir Publishers
082
_a
530
300
_a
213
546
_a
ENGLISH
999
_c
23941
_d
23941